| 000 | 00384nam a2200145Ia 4500 | ||
|---|---|---|---|
| 008 | 150201s2010 xx 000 0 und d | ||
| 082 |
_a617.6342 _bG2010C |
||
| 100 | _aCHANDRA SURESH | ||
| 245 | _aGROSSMANS ENDODONTICS PRACTICE | ||
| 250 | _a12TH | ||
| 260 |
_bWOLTER KLUWER _aDELHI _c2010 |
||
| 300 | _a1-515 | ||
| 650 | _aCONSERVATIVE DENTISTRY & ENDODONTICS | ||
| 942 |
_2ddc _cBK _022 |
||
| 999 |
_c4520 _d4520 |
||